000 00523nam a2200193Ia 4500
003 OSt
005 20220926045301.0
006 a|||||r|||| 00| 0
007 ta
008 220923b |||||||| |||| 00| 0 eng d
037 _cGeneral Book
040 _aRTL
_cRTL
_beng
041 _2eng
_aeng
082 _aX:545-6.1(X).N7, L6/UN
245 0 _aExport Subsidies by Developing Countries
_bIssues o
260 _c1976
942 _hX:545-6.1(X).N7, L6/UN
_cGB
_2CC
999 _c677186
_d677186